000 00386nam a2200145Ia 4500
005 20250323181336.0
008 240331s9999 xx 000 0 und d
082 _bPON
_a894
100 _aPonnampalam, S.S.
245 0 _aPanainooru :
_bmoolamum uraiyum
260 _aColombo
_bColombo Tamil Sangam
_c2001
300 _a64 p .,
500 _aPanai marathithin sirappum payanum
942 _cL
999 _c4156
_d4156